| 000 | 01514namaa22003251i 4500 | ||
|---|---|---|---|
| 005 | 20260510100906.0 | ||
| 008 | 260401s1995 ua a|||frm||| 000 0 eng d | ||
| 040 |
_aEG-GICUC _beng _cEG-GICUC _dEG-GICUC _erda |
||
| 041 | 0 |
_aeng _beng _bara |
|
| 049 | _aDeposit | ||
| 097 | _aM.Sc | ||
| 099 | _aCai01.12.04.M.Sc.1995.Ha.S. | ||
| 100 | 0 |
_aHany Abdullah A. Shousha, _epreparation. |
|
| 245 | 1 | 0 |
_aStudy Of The Response Of Different Scintillation Gamma Cameras To Various Radionuclides In Clinical Nuclear Medicine / _cBy Hany Abdullah A. Shousha; Supervised By Prof. Dr. Waffa Mohamed Kaleel, Prof.Dr. Fadel Mohamed Ali, Prof.Dr. Gaber Ziada. |
| 246 | 1 | 5 | _aدراسة معملية وأكلينكية لأختبارا الجودة لأجهزة الجاما كاميرا وتطبيقاتها على العناصر المشعة المختلفة |
| 264 | 0 | _c1995. | |
| 300 |
_a86 Leaves : _billustrations ; _c30 cm. + |
||
| 336 |
_2rda content _atext |
||
| 337 |
_2rdamedia _aUnmediated |
||
| 338 |
_2rdacarrier _avolume |
||
| 502 | _aThesis (M.Sc.)-Cairo University, 1995. | ||
| 504 | _aBibliography: pages 84-86. | ||
| 653 | 0 | _aBiophysics | |
| 700 | 0 |
_aFadel Mohamed Ali _ethesis advisor. |
|
| 700 | 0 |
_aGaber Ziada _ethesis advisor. |
|
| 700 | 0 |
_aWaffa Mohamed Kaleel _ethesis advisor. |
|
| 900 |
_DDepartment of Biophysics _FFaculty of Science _UCairo University _b1995 _cFadel Mohamed Ali _cGaber Ziada _cWaffa Mohamed Kaleel |
||
| 905 |
_aEman El gebaly _eNourhan |
||
| 942 |
_2ddc _cTH _e21 _n0 |
||
| 999 | _c179114 | ||